| 000 | 00545nam a22001817a 4500 | ||
|---|---|---|---|
| 003 | BD-DhJNU | ||
| 005 | 20250216081015.0 | ||
| 008 | 250216b |||||||| |||| 00| 0 eng d | ||
| 040 |
_aBD-DhJNU _bENG _cBD-DhJNU _dBD-DhJNU |
||
| 082 |
_223 _a418.02 EWF |
||
| 100 | _aEwing, A.C. | ||
| 245 |
_aThe fundamental questions of philosophy / _cA.C. Ewing |
||
| 260 |
_aLondon : _bRoutledge & Kegan Paul LTD., _c1964. |
||
| 300 |
_a260 p. : _c22 cm. |
||
| 504 | _aincludes bibliographical reference and index | ||
| 650 | _aPhilosophy | ||
| 942 |
_2ddc _cBK _n0 |
||
| 999 |
_c1341 _d1341 |
||